Library Banner

Jadeed Tehreek e nuswan aur Islam/ (Record no. 103134)

MARC details
000 -LEADER
fixed length control field 00399nam a22001457a 4500
005 - DATE AND TIME OF LATEST TRANSACTION
control field 20180214104112.0
008 - FIXED-LENGTH DATA ELEMENTS--GENERAL INFORMATION
fixed length control field 180214b xxu||||| |||| 00| 0 eng d
040 ## - CATALOGING SOURCE
Transcribing agency PK-LaUMT
082 ## - DEWEY DECIMAL CLASSIFICATION NUMBER
Classification number PKAC 297.082
Item number SUR-J
100 ## - MAIN ENTRY--PERSONAL NAME
Personal name Suraiya Batool Alvi
245 ## - TITLE STATEMENT
Title Jadeed Tehreek e nuswan aur Islam/
Statement of responsibility, etc Suraiya Batool Alvi
260 ## - PUBLICATION, DISTRIBUTION, ETC. (IMPRINT)
Place of publication, distribution, etc لاہور:
Name of publisher, distributor, etc منشورات،
Date of publication, distribution, etc 2007
300 ## - PHYSICAL DESCRIPTION
Extent 494
942 ## - ADDED ENTRY ELEMENTS (KOHA)
Koha item type Books
Holdings
Withdrawn status Lost status Damaged status Home library Current library Date acquired Full call number Barcode Date last seen Price effective from Koha item type
      UMT Main Campus UMT Main Campus 2018-02-14 PKAC 297.082 SUR-J 119266 2018-02-14 2018-02-14 Books